Statistics for Show By Its Spin-Offs #1

Click here to take the quiz!

General Stats

  • This quiz has been taken 29 times
  • The average score is 6 of 10

Answer Stats

Spin-OffsAnswer% Correct
JoeyFriends
89%
Frasier, The TortellisCheers
85%
Young SheldonThe Big Bang Theory
85%
Better Call Saul, MetástasisBreaking Bad
74%
The Conners, Little RoseyRoseanne
67%
The Cleveland ShowFamily Guy
56%
Grown-ish, Mixed-ishBlack-ish
52%
Station 19, Private PracticeGrey's Anatomy
30%
The Flash, DC's Legends of TomorrowArrow
26%
SchooledThe Goldbergs
11%

Score Distribution

Percentile by Number Answered

Percent of People with Each Score

Your Score History

You have not taken this quiz